MDQL
is popping MORE tags! Check the
thread
!
Quizzes
Events
Quiz Creation
Community
Videos
Private Events
Remove Ads
Sign In
Join for FREE
Feedback
Dark Mode
Quiz Categories
Sports
Geography
Music
Movies
Television
Just For Fun
Miscellaneous
History
Literature
Language
Science
Gaming
Entertainment
Religion
Holiday
For Kids
Quiz Lab
Recent
Popular Today
Quiz Kudos Today
Editor Picks
Curator Picks
Quizzes by...
Day
Popularity
Type
Ratings
Length
Year
Community
Subscriptions
Recent Discussions
Orange Saloon
Badges
Playlists
Quests
Create
Leaderboards
Showdown
Live 5
Trivia Bingo
Activity
Puzzle Library
Sporcle Events
Private Events
Virtual Trivia
Globe League
Become a Host
Pub Owners
SporcleCon
Opinionation
Our Games
Videos
Blog
Mobile Apps
Partnerships
Remove Ads and Go Orange
Feedback
Miscellaneous
Crossword
General Knowledge
Baby Names
Logo
Food
Cars
Numbers
Grab Bag
University
College
Popular
Company
Slogans
Restaurants
Justice
Letter
Miscellaneous
Crossword
General Knowledge
Baby Names
Logo
Food
Cars
Numbers
Grab Bag
University
College
Popular
Company
Slogans
Restaurants
Justice
Letter
Random Quiz
Search Sporcle
×
Quiz Lab
Quiz Lab
Miscellaneous
noun
Type in answers that appear in a list
Type in answers that appear in a list
Classic
Best Score? Go Orange.
Ends with -ing Stats
Can you name the Ends with -ing?
By
mavrxboy2
4m
28 Questions
128 Plays
128 Plays
128 Plays
Comments
Comments
Give Quiz Kudos
Give Quiz Kudos
-
- Ratings
hide this ad
Replay
Link that replays current quiz
Next Quiz
Link to next quiz in quiz playlist
You Got
0%
They Got
Avg Score
44%
Avg Friend Score
Upgrade to see
Score Distribution
Jump to the score distribution portion of the page
Score
0/28
Timer
04:00
0
Plays Today
Hint
Noun
% Correct
Officially starts in March
Spring
86.7%
Slang for jewelry
bling
82%
Hark the herald angels...
sing
75.8%
Famous NBA baller from China
Yao Ming
73.4%
Major search engine
Bing
68.8%
Official basketball of the NBA
Spalding
65.6%
A baby tree
sapling
64.8%
29th President of the United States
Warren G. Harding
63.3%
Holds up a broken bone
sling
57.8%
Doohickey; whatchamacallit
thing
56.3%
Caution: Deer _
_
_
_
X-ing
50.8%
Eliminate this with a dryer sheet
static cling
46.9%
Inventor of the first practical machine gun
Richard J. Gatling
46.1%
Principal on Saved By The Bell
Mr. Belding
40.6%
Hint
Noun
% Correct
The absence of something
nothing
39.1%
A painful body part to pull
hamstring
37.5%
Popular money major
accounting
36.7%
One twentieth of a pound
shilling
34.4%
Dutch financial group
ING
34.4%
Creator of Dynasty & Charlie's Angels
Aaron Spelling
33.6%
Also a hockey team
lightning
25%
_
_
_
_
me!
king
25%
Chris Osgood was one
Red Wing
23.4%
Look up
ceiling
21.1%
Retired Alaskan pitcher
Curt Schilling
21.1%
Packet Internet Gopher
ping
13.3%
Former monetary unit of the UK
farthing
13.3%
A raised wooden platform
scaffolding
10.2%
Quiz Playlist
Details
Report
Send in Message
Add To Playlist
Classic:
Type in answers that appear in a list
Last Updated: Feb 16, 2017
Quiz Scoreboard
CHALLENGE
Sign Up to Join the Scoreboard
Show All
Scores
Hide
Comments
May contain spoilers
Recently Published
Holiday 10x10 Sorting Gallery
by lukepisani3
Holiday
15m
Two Season TV Shows II
by 123Four
Television
10m
Image Sorting: Flags VI
by Barbecue
Geography
2m
More to Explore
Quiz From the Vault
Featured Blog Post
14 Easter Pick-up Lines to Find Eggs With
hide this ad
You Might Also Like...
Tags
end
noun
Today's Top Quizzes in Miscellaneous
Browse Miscellaneous
hide this ad
Today's Top Quizzes in noun
Browse noun
Top Contributed Quizzes in Miscellaneous
1
The JOE quick-fire general knowledge quiz: Day 174
2
9x9 Crossword: Disney Movie Titles
3
The JOE quick-fire general knowledge quiz: Day 173
4
5-to-1: Fast Food
5
9x9 Crossword: Charlie and the Chocolate Factory
6
9x9 Crossword: The Simpsons
7
9x9 Crossword: Flags
8
9x9 Crossword: Actors
9
9x9 Crossword: 2022 Movies
10
9x9 Crossword: Pixar Movie Titles
Explore More
Trending Topics
Disney
NBA
Harry Potter
Kpop
Crossword
Anime
Marvel
Soccer
NFL
The Office
Puzzle
Song
WWE
Country
Pokémon
hide this ad
More By:
mavrxboy2
Quiz
Plays
Rating
Category
Featured
Created
Halo Reach Weapons
7,280
1.79
Gaming
Sep 21, 2010
Top 25 NBA
2,226
1.68
Sports
Aug 7, 2010
40-40 Club (Home Runs & Stolen Bases)
874
2.50
Sports
Apr 16, 2010
Hat Tricks (NHL)
421
4.33
Sports
Feb 26, 2010
Sports Teams with Relevant Logos
394
2.00
Sports
Apr 21, 2010
Go to Creator's Profile
Score Distribution
Quiz Creator Spotlight
mavrxboy2
Follow
Send a Message
Quizzes Created
-
Created Quiz Play Count
-
More By This Creator
Popular Quizzes Today
1
Find the US States - No Outlines Minefield
2
Colored Red Africa Blitz
3
Find the 'City' Movie
4
The Countries of the World
5
5x2 Blitz: Bands
6
Find the US States
7
Find the Countries of Europe - No Outlines Minefield
8
US States
More Miscellaneous Quizzes
Two Clues: 'D' Words
Published
Trending Quizzes
Colored Red Europe Blitz I
Colored Red Europe Blitz II
Colored Red Africa Blitz II
Colored Red Europe Blitz III
Colored Red Africa Blitz III
Recently Updated
Odd Team Out - Big 4 Players
pecheneg
Quick Pick: 20 Twenties
pecheneg
March Madness Men's Triple Doubles
pecheneg
How Do You Spell That?
pecheneg
Godzilla Movies
pecheneg
Grab Bag: 4-10 Letters
pecheneg
2024 March Madness Bracket
pecheneg
Famous TV Couples
Peacemaker
Champions League XIs: Real Madrid
pecheneg
Largest US Cities 1790-2010
pecheneg
Trending Topics
Disney
Marvel
Anime
NBA
Crossword
Kpop
Harry Potter
Country
Soccer
Pokémon
Puzzle
WWE
Song
NFL
The Office
Your Account Isn't Verified!
In order to create a playlist on Sporcle, you need to verify the email address you used during registration. Go to your
Sporcle Settings
to finish the process.
Report this User
Report this user for behavior that violates our
Community Guidelines
.
Details:
Send Report
Go to the Sporcle.com Mobile Site →
Comments